Analysis of Investments and Management of Portfolios (Record no. 12551)
[ view plain ]
| 000 -LEADER | |
|---|---|
| fixed length control field | 00455nam a22001817a 4500 |
| 003 - CONTROL NUMBER IDENTIFIER | |
| control field | OSt |
| 008 - FIXED-LENGTH DATA ELEMENTS--GENERAL INFORMATION | |
| fixed length control field | 240423b |||||||| |||| 00| 0 eng d |
| 020 ## - INTERNATIONAL STANDARD BOOK NUMBER | |
| International Standard Book Number | 9789353506384 |
| 082 ## - DEWEY DECIMAL CLASSIFICATION NUMBER | |
| Classification number | 658.1554 REI |
| 100 ## - MAIN ENTRY--PERSONAL NAME | |
| Personal name | REILLY, Frank K |
| 245 ## - TITLE STATEMENT | |
| Title | Analysis of Investments and Management of Portfolios |
| 250 ## - EDITION STATEMENT | |
| Edition statement | 11th Ed |
| 260 ## - PUBLICATION, DISTRIBUTION, ETC. (IMPRINT) | |
| Name of publisher, distributor, etc | Cengage Learning |
| Date of publication, distribution, etc | 2023 |
| 300 ## - PHYSICAL DESCRIPTION | |
| Extent | 766 |
| 700 ## - ADDED ENTRY--PERSONAL NAME | |
| Personal name | BROWN, Keith C |
| 700 ## - ADDED ENTRY--PERSONAL NAME | |
| Personal name | LEEDS,Sanford J |
| 942 ## - ADDED ENTRY ELEMENTS (KOHA) | |
| Source of classification or shelving scheme | Dewey Decimal Classification |
| Koha item type | Text Books |
| Withdrawn status | Lost status | Source of classification or shelving scheme | Damaged status | Not for loan | Collection code | Home library | Current library | Date acquired | Source of acquisition | Currency | Cost, normal purchase price | Bill Number | Total Checkouts | Full call number | Acc. no. / Barcode | Date last seen | Actual Cost, discounted price | Bill Date | Koha item type | Date last borrowed |
|---|---|---|---|---|---|---|---|---|---|---|---|---|---|---|---|---|---|---|---|---|
| Dewey Decimal Classification | MBA | PIET C-LIBRARY | PIET C-LIBRARY | 23/03/2024 | Zafaa Books and Distributors | In rupees | 1099.00 | ZBD0463 | 658.1554 REI | 36701 | 23/04/2024 | 816.28 | 23/03/2024 | Reference Books | ||||||
| Dewey Decimal Classification | MBA | PIET C-LIBRARY | PIET C-LIBRARY | 23/03/2024 | Zafaa Books and Distributors | In rupees | 1099.00 | ZBD0463 | 1 | 332.6 REI | 36702 | 07/10/2024 | 816.28 | 23/03/2024 | Text Books | 04/10/2024 | ||||
| Dewey Decimal Classification | MBA | PIET C-LIBRARY | PIET C-LIBRARY | 23/03/2024 | Zafaa Books and Distributors | In rupees | 1099.00 | ZBD0463 | 332.6 REI | 36703 | 23/04/2024 | 816.28 | 23/03/2024 | Text Books | ||||||
| Dewey Decimal Classification | MBA | PIET C-LIBRARY | PIET C-LIBRARY | 23/03/2024 | Zafaa Books and Distributors | In rupees | 1099.00 | ZBD0463 | 332.6 REI | 36704 | 23/04/2024 | 816.28 | 23/03/2024 | Text Books |